[Event "Doeberl Cup"]
[Site "Canberra AUS"]
[Date "2010.04.02"]
[Round "3"]
[White "Nakauchi, G."]
[Black "Sandler, L."]
[Result "0-1"]
[WhiteElo "2102"]
[BlackElo "2332"]
[PlyCount "130"]
[EventDate "2010.04.01"]
[EventType "swiss"]
[EventRounds "9"]
[EventCountry "AUS"]
[Source "Mark Crowther"]
[SourceDate "2010.04.05"]

1. d4 Nf6 2. c4 g6 3. g3 c5 4. d5 Bg7 5. Nc3 O-O 6. e4 d6 7. Bh3 Re8 8. f3 e6
9. Nge2 exd5 10. Bxc8 Qxc8 11. cxd5 a6 12. a4 Nbd7 13. O-O b6 14. Be3 Qb7 15.
Qb3 Rab8 16. Kg2 Ne5 17. Bg1 Nd3 18. Rfb1 h5 19. Nd1 Ne5 20. Nec3 b5 21. axb5
axb5 22. Ra5 b4 23. Nb5 Qd7 24. Na7 Rb7 25. Rba1 g5 26. Ne3 g4 27. f4 Nf3 28.
e5 dxe5 29. f5 Nd4 30. Qc4 Nxf5 31. Qxc5 Nxe3+ 32. Bxe3 Qf5 33. Nc6 Qf3+ 34.
Kg1 Bf8 35. Rf1 Qxf1+ 36. Kxf1 Bxc5 37. Rxc5 Rd7 38. Nxb4 Rb8 39. Rc4 Nxd5 40.
Nxd5 Rxd5 41. b4 Rd3 42. Bc5 Rd2 43. Re4 f6 44. Re1 Rxh2 45. Kg1 Rc2 46. Ra1
Kf7 47. Ra7+ Kg6 48. Ra6 Rd8 49. Bd6 Kf5 50. b5 Rb2 51. Rb6 Ke4 52. Kf1 Kf3 53.
Ke1 Ra8 54. Ra6 Rxa6 55. bxa6 Ra2 56. Be7 f5 57. Bd6 e4 58. Bb8 e3 59. Be5 Rxa6
60. Bc3 Kxg3 61. Be5+ Kf3 62. Bc3 f4 63. Bb2 h4 64. Bf6 h3 65. Bc3 h2 0-1

[Event "Doeberl Cup"]
[Site "Canberra AUS"]
[Date "2010.04.02"]
[Round "3"]
[White "McNamara, G."]
[Black "Boyd, T."]
[Result "1/2-1/2"]
[WhiteElo "2119"]
[BlackElo "2279"]
[PlyCount "145"]
[EventDate "2010.04.01"]
[EventType "swiss"]
[EventRounds "9"]
[EventCountry "AUS"]
[Source "Mark Crowther"]
[SourceDate "2010.04.05"]

1. b3 Nf6 2. Bb2 e6 3. e3 b6 4. Nf3 Bb7 5. d4 Be7 6. Nbd2 c5 7. Bd3 d6 8. O-O
O-O 9. c3 Nbd7 10. Re1 e5 11. e4 Re8 12. d5 Nh5 13. g3 g6 14. Nf1 Ng7 15. Ne3
Rf8 16. g4 Bc8 17. Kh1 Kh8 18. Rg1 Nf6 19. Qc2 h5 20. h3 Nh7 21. Rg3 Ng5 22.
Rag1 Nxf3 23. Rxf3 Bg5 24. Bc1 Bf4 25. Rg2 Qg5 26. Kg1 Kh7 27. Kf1 Bd7 28. Be2
Rae8 29. gxh5 Qh6 30. Ng4 Bxg4 31. Bxf4 Bxf3 32. Bxh6 Bxg2+ 33. Kxg2 Kxh6 34.
Qc1+ g5 35. Qa3 Re7 36. Qa4 Rc7 37. Bg4 Nxh5 38. Bxh5 Kxh5 39. Qa6 Kg6 40. a4
f6 41. a5 Rb8 42. Qb5 Kf7 43. Kg3 Rbb7 44. Qe2 Rb8 45. Qh5+ Kg7 46. Qg4 bxa5
47. h4 c4 48. bxc4 a4 49. hxg5 a3 50. gxf6+ Kh8 51. Qf5 Rg8+ 52. Kf3 Rf8 53.
Qg5 Rh7 54. Qc1 Rxf6+ 55. Kg2 Rg6+ 56. Kf3 a2 57. Qa3 Rf7+ 58. Ke2 Rgf6 59. c5
dxc5 60. Kd3 Rxf2 61. Kc4 Rc2 62. Kxc5 Rf1 63. c4 a1=Q 64. Qh3+ Kg7 65. Qg4+
Kf8 66. Qc8+ Kg7 67. Qg4+ Kf6 68. Qh4+ Kf7 69. Qh7+ Kf8 70. Qh6+ Ke8 71. Qe6+
Kf8 72. Qc8+ Kg7 73. Qg4+ 1/2-1/2

[Event "Doeberl Cup"]
[Site "Canberra AUS"]
[Date "2010.04.02"]
[Round "3"]
[White "Ikeda, J."]
[Black "Matheson, L."]
[Result "1-0"]
[WhiteElo "2275"]
[BlackElo "2062"]
[PlyCount "95"]
[EventDate "2010.04.01"]
[EventType "swiss"]
[EventRounds "9"]
[EventCountry "AUS"]
[Source "Mark Crowther"]
[SourceDate "2010.04.05"]

1. e4 c5 2. Nf3 d6 3. d4 cxd4 4. Nxd4 Nf6 5. Bb5+ Nbd7 6. O-O a6 7. Bd3 e5 8.
Nf5 Nc5 9. Nc3 Bxf5 10. exf5 Be7 11. g4 h6 12. Re1 Nxd3 13. cxd3 Qb6 14. h3 O-O
15. Qf3 Rfe8 16. h4 Qb4 17. g5 Nh7 18. gxh6 Qxh4 19. Re4 Ng5 20. Bxg5 Qxg5+ 21.
Rg4 Qxh6 22. Kg2 e4 23. dxe4 g5 24. fxg6 fxg6 25. Qf5 g5 26. Rh1 Qg7 27. Qe6+
Kf8 28. Rh3 Bf6 29. Qxd6+ Qe7 30. Qh2 Qe6 31. Qg3 Rad8 32. Nd5 Rxd5 33. exd5
Qxd5+ 34. Qf3 Qxf3+ 35. Rxf3 Kg7 36. Rb4 b5 37. a4 bxa4 38. Rb7+ Re7 39. Rxe7+
Bxe7 40. Rf5 Bf6 41. Ra5 Kf7 42. Rxa4 Bxb2 43. Rxa6 Bc1 44. Kf3 Bd2 45. Kg4 Bc1
46. Kf5 Kg7 47. Rg6+ Kf7 48. Rxg5 1-0

[Event "Doeberl Cup"]
[Site "Canberra AUS"]
[Date "2010.04.02"]
[Round "3"]
[White "Wei, M."]
[Black "Steadman, M."]
[Result "1-0"]
[WhiteElo "2113"]
[BlackElo "2261"]
[PlyCount "91"]
[EventDate "2010.04.01"]
[EventType "swiss"]
[EventRounds "9"]
[EventCountry "AUS"]
[Source "Mark Crowther"]
[SourceDate "2010.04.05"]

1. e4 Nf6 2. e5 Nd5 3. d4 d6 4. c4 Nb6 5. exd6 cxd6 6. Nc3 g6 7. Nf3 Bg7 8. Be3
O-O 9. Rc1 e6 10. b3 N8d7 11. Be2 Nf6 12. h3 Bd7 13. O-O Bc6 14. Qc2 Rc8 15.
Rfd1 a5 16. Qb1 a4 17. Nd2 axb3 18. axb3 Nbd7 19. b4 b6 20. Nde4 Qe7 21. Nxf6+
Nxf6 22. Bf1 d5 23. b5 Ba8 24. c5 bxc5 25. dxc5 e5 26. Na4 d4 27. Bg5 Qa7 28.
Bxf6 Bxf6 29. Qb4 Be7 30. b6 Qb7 31. Qb5 Qd5 32. Qc4 Qd7 33. Qb4 Bc6 34. Nb2
Qd5 35. Qc4 Rfd8 36. Qxd5 Rxd5 37. Ba6 Ra8 38. b7 Rb8 39. Nd3 Rdd8 40. Rb1 f6
41. Rb6 Be4 42. Rc1 Rd7 43. c6 Rc7 44. Bb5 Bd8 45. Nc5 Re7 46. Ra6 1-0

[Event "Doeberl Cup"]
[Site "Canberra AUS"]
[Date "2010.04.02"]
[Round "3"]
[White "Watson, Ja"]
[Black "Morris, J."]
[Result "0-1"]
[WhiteElo "2120"]
[BlackElo "2127"]
[PlyCount "78"]
[EventDate "2010.04.01"]
[EventType "swiss"]
[EventRounds "9"]
[EventCountry "AUS"]
[Source "Mark Crowther"]
[SourceDate "2010.04.05"]

1. e4 Nc6 2. d4 e5 3. d5 Nce7 4. Bg5 h6 5. Bh4 d6 6. Nc3 g5 7. Bg3 Ng6 8. Bb5+
Bd7 9. Bxd7+ Qxd7 10. Nge2 Bg7 11. f3 N8e7 12. Qd2 Nf4 13. Nxf4 exf4 14. Bf2
Ng6 15. O-O-O O-O-O 16. Qe2 a6 17. Bd4 Ne5 18. Qf2 Kb8 19. Kb1 Rde8 20. Rhe1
Rhg8 21. Ne2 f5 22. Bxe5 Rxe5 23. Nd4 fxe4 24. Rxe4 Rxd5 25. Rde1 Re5 26. Qd2
Rge8 27. Qd3 Qa4 28. b3 Qa5 29. c3 Rxe4 30. Rxe4 Rxe4 31. fxe4 g4 32. Kb2 Qc5
33. a3 Bxd4 34. cxd4 Qh5 35. Qe2 f3 36. gxf3 gxf3 37. Qf2 Qg4 38. Kc3 Qg2 39.
Qh4 f2 0-1

[Event "Doeberl Cup"]
[Site "Canberra AUS"]
[Date "2010.04.02"]
[Round "3"]
[White "Van der Wal, F."]
[Black "Dragicevic, Do"]
[Result "0-1"]
[WhiteElo "1931"]
[BlackElo "2251"]
[PlyCount "58"]
[EventDate "2010.04.01"]
[EventType "swiss"]
[EventRounds "9"]
[EventCountry "AUS"]
[Source "Mark Crowther"]
[SourceDate "2010.04.05"]

1. Nf3 Nf6 2. c4 d6 3. d4 Nbd7 4. Nc3 e5 5. e4 c6 6. Be2 Be7 7. h3 a6 8. Be3 b5
9. a3 O-O 10. O-O Bb7 11. Qc2 Re8 12. Rfd1 Qc7 13. Rac1 Rac8 14. Qb1 Qb8 15. b4
exd4 16. Nxd4 Bf8 17. f3 bxc4 18. Bxc4 d5 19. Bd3 c5 20. bxc5 Nxc5 21. Bf1 dxe4
22. f4 Nh5 23. Nce2 Nd3 24. Rc3 Rxc3 25. Nxc3 Nhxf4 26. Qa2 Bc5 27. Qc4 Nxh3+
28. gxh3 Qg3+ 29. Kh1 Qxe3 0-1

[Event "Doeberl Cup"]
[Site "Canberra AUS"]
[Date "2010.04.02"]
[Round "4"]
[White "Barua, D."]
[Black "Panchanathan, M."]
[Result "1-0"]
[WhiteElo "2473"]
[BlackElo "2493"]
[PlyCount "69"]
[EventDate "2010.04.01"]
[EventType "swiss"]
[EventRounds "9"]
[EventCountry "AUS"]
[Source "Mark Crowther"]
[SourceDate "2010.04.05"]

1. e4 e5 2. Bc4 Nf6 3. d3 c6 4. Nf3 Be7 5. O-O d6 6. a4 a5 7. Nc3 O-O 8. h3
Nbd7 9. Be3 Qc7 10. d4 h6 11. Ba2 Re8 12. Nd2 Nf8 13. Nc4 Be6 14. d5 cxd5 15.
exd5 Bf5 16. Nb5 Qb8 17. f4 e4 18. Bb6 Bd8 19. Bd4 Ra6 20. Ne3 Bd7 21. Bc4 Bb6
22. Nc3 Bxd4 23. Qxd4 Ra8 24. Bb5 Qd8 25. Nc4 Bxb5 26. Nxb5 Ra6 27. Ra3 Ng6 28.
Ne3 Nh5 29. Nf5 f6 30. Qe3 Qb6 31. Qxb6 Rxb6 32. g3 e3 33. Re1 e2 34. Nfxd6 Rd8
35. Nc4 1-0

[Event "Doeberl Cup"]
[Site "Canberra AUS"]
[Date "2010.04.02"]
[Round "4"]
[White "Zhao Zong Yuan"]
[Black "Xie, G."]
[Result "0-1"]
[WhiteElo "2580"]
[BlackElo "2439"]
[PlyCount "58"]
[EventDate "2010.04.01"]
[EventType "swiss"]
[EventRounds "9"]
[EventCountry "AUS"]
[Source "Mark Crowther"]
[SourceDate "2010.04.05"]

1. Nf3 Nf6 2. c4 b6 3. Nc3 Bb7 4. d4 e6 5. a3 d5 6. cxd5 Nxd5 7. Bd2 c5 8. e4
Nxc3 9. Bxc3 Bxe4 10. Ne5 a6 11. Qg4 Bf5 12. Qh5 Ra7 13. O-O-O g6 14. Qe2 Bh6+
15. Bd2 cxd4 16. Bxh6 Rc7+ 17. Nc4 d3 18. Qe3 Rxc4+ 19. Kb1 Re4 20. Qd2 f6 21.
Qc3 Re1 22. Rxe1 d2+ 23. Ka2 dxe1=Q 24. Qxe1 Qd5+ 25. b3 Kf7 26. Qd2 Qe4 27.
Be2 Rc8 28. Bc4 b5 29. f3 Qb7 0-1

[Event "Doeberl Cup"]
[Site "Canberra AUS"]
[Date "2010.04.02"]
[Round "4"]
[White "Roy Chowdhury, S."]
[Black "Malaniuk, V."]
[Result "1/2-1/2"]
[WhiteElo "2435"]
[BlackElo "2563"]
[PlyCount "35"]
[EventDate "2010.04.01"]
[EventType "swiss"]
[EventRounds "9"]
[EventCountry "AUS"]
[Source "Mark Crowther"]
[SourceDate "2010.04.05"]

1. e4 e5 2. Nf3 Nc6 3. Bc4 Nf6 4. d3 h6 5. O-O d6 6. c3 g6 7. Nbd2 Bg7 8. Re1
O-O 9. Nf1 d5 10. exd5 Nxd5 11. Ng3 a6 12. Bb3 Kh7 13. d4 exd4 14. cxd4 Nb6 15.
Be3 Nd5 16. Bc1 Nb6 17. Be3 Nd5 18. Bc1 1/2-1/2

[Event "Doeberl Cup"]
[Site "Canberra AUS"]
[Date "2010.04.02"]
[Round "4"]
[White "Johansen, D."]
[Black "Teichmann, E."]
[Result "1/2-1/2"]
[WhiteElo "2477"]
[BlackElo "2327"]
[PlyCount "69"]
[EventDate "2010.04.01"]
[EventType "swiss"]
[EventRounds "9"]
[EventCountry "AUS"]
[Source "Mark Crowther"]
[SourceDate "2010.04.05"]

1. e4 Nc6 2. Nf3 d6 3. d4 Nf6 4. Nc3 Bg4 5. Be3 e5 6. Bb5 Nd7 7. Bxc6 bxc6 8.
h3 Bxf3 9. Qxf3 Be7 10. O-O O-O 11. Rfd1 Bg5 12. Rab1 Bxe3 13. Qxe3 Qh4 14. Qe2
exd4 15. Rxd4 Nc5 16. Rc4 Rae8 17. b4 Ne6 18. Qg4 Qxg4 19. hxg4 c5 20. bxc5
Nxc5 21. f3 Rb8 22. Rxb8 Rxb8 23. e5 Kf8 24. Nd5 Rb7 25. Kf2 Ke8 26. exd6 cxd6
27. Rb4 Rxb4 28. Nxb4 Kd7 29. Ke3 Ne6 30. Ke4 Nc5+ 31. Kd5 Ne6 32. g3 Nc7+ 33.
Ke4 Nb5 34. Nd5 Kc6 35. c4 1/2-1/2

[Event "Doeberl Cup"]
[Site "Canberra AUS"]
[Date "2010.04.02"]
[Round "4"]
[White "Smerdon, D."]
[Black "Ikeda, J."]
[Result "1-0"]
[WhiteElo "2502"]
[BlackElo "2275"]
[PlyCount "81"]
[EventDate "2010.04.01"]
[EventType "swiss"]
[EventRounds "9"]
[EventCountry "AUS"]
[Source "Mark Crowther"]
[SourceDate "2010.04.05"]

1. e4 c5 2. Nf3 d6 3. c3 Nf6 4. Be2 Nbd7 5. d3 b6 6. O-O Bb7 7. Re1 a6 8. Nbd2
e5 9. d4 Be7 10. Bd3 Qc7 11. Nf1 c4 12. Bc2 b5 13. h3 O-O 14. d5 g6 15. Bh6
Rfc8 16. Qd2 Qd8 17. g4 Kh8 18. Ng3 Qe8 19. Kh2 Bd8 20. Qe2 a5 21. Rg1 Ng8 22.
Bd2 Ba6 23. Ng5 Nc5 24. f4 exf4 25. Bxf4 Nd7 26. Rab1 Bf6 27. h4 h6 28. Nxf7+
Qxf7 29. g5 Bg7 30. gxh6 Bf6 31. h5 g5 32. Bxg5 Qe8 33. Qg4 Qe7 34. Nf5 Ne5 35.
Nxe7 Nxg4+ 36. Rxg4 Bxg5 37. Ng6+ Kh7 38. Rxg5 Kxh6 39. Rg3 Rc7 40. e5 Rg7 41.
e6 1-0

[Event "Doeberl Cup"]
[Site "Canberra AUS"]
[Date "2010.04.02"]
[Round "4"]
[White "Morris, J."]
[Black "Kunte, A."]
[Result "0-1"]
[WhiteElo "2127"]
[BlackElo "2515"]
[PlyCount "126"]
[EventDate "2010.04.01"]
[EventType "swiss"]
[EventRounds "9"]
[EventCountry "AUS"]
[Source "Mark Crowther"]
[SourceDate "2010.04.05"]

1. Nf3 Nf6 2. g3 d5 3. Bg2 c6 4. O-O Bf5 5. d4 h6 6. c4 e6 7. Qb3 Qb6 8. c5 Qc7
9. Bf4 Qc8 10. Nc3 Nbd7 11. Rac1 Be7 12. Ne5 O-O 13. Rfe1 Nxe5 14. Bxe5 Rd8 15.
e4 dxe4 16. Nxe4 Bxe4 17. Bxe4 Nxe4 18. Rxe4 Rd5 19. Rce1 Qd7 20. Qf3 Rf8 21.
R4e2 Re8 22. h4 Bf8 23. Qg4 h5 24. Qh3 f6 25. Bf4 Rxd4 26. Be3 Rd5 27. Kh2 e5
28. b4 Qxh3+ 29. Kxh3 Red8 30. a4 a6 31. Rb2 Rd1 32. Rxd1 Rxd1 33. b5 axb5 34.
axb5 Rd5 35. bxc6 bxc6 36. Rc2 Kf7 37. Kg2 Ke6 38. Kf3 Be7 39. Ke2 f5 40. f3
Rd7 41. Rb2 Ra7 42. Rb8 f4 43. gxf4 exf4 44. Bf2 Bf6 45. Rb4 Kf5 46. Rb6 Re7+
47. Kd3 Re6 48. Rb8 g5 49. hxg5 Bxg5 50. Rf8+ Rf6 51. Ra8 Rh6 52. Rf8+ Ke6 53.
Rg8 Be7 54. Ke4 h4 55. Kxf4 h3 56. Rg1 h2 57. Rh1 Kd5 58. Kg3 Bh4+ 59. Kg2 Bxf2
60. Kxf2 Kxc5 61. Kg2 Kd4 62. Rxh2 Rxh2+ 63. Kxh2 c5 0-1

[Event "Doeberl Cup"]
[Site "Canberra AUS"]
[Date "2010.04.02"]
[Round "4"]
[White "Solomon, SJ."]
[Black "Wallis, C."]
[Result "1-0"]
[WhiteElo "2430"]
[BlackElo "2246"]
[PlyCount "139"]
[EventDate "2010.04.01"]
[EventType "swiss"]
[EventRounds "9"]
[EventCountry "AUS"]
[Source "Mark Crowther"]
[SourceDate "2010.04.05"]

1. e4 e6 2. d4 d5 3. Nc3 Nf6 4. Bg5 dxe4 5. Nxe4 Be7 6. Bxf6 Bxf6 7. Nf3 Nd7 8.
Bd3 c5 9. dxc5 Nxc5 10. Bb5+ Bd7 11. Bxd7+ Nxd7 12. Nd6+ Ke7 13. Qd2 Qb6 14.
Nc4 Qc5 15. O-O-O Rhd8 16. Qd6+ Qxd6 17. Nxd6 Nc5 18. Nc4 Ne4 19. Rhf1 Rxd1+
20. Kxd1 g5 21. c3 b5 22. Nce5 Rd8+ 23. Ke2 Rd5 24. Nc6+ Kd7 25. Nb4 Rd6 26.
Nd3 Rd5 27. g4 h5 28. h3 hxg4 29. hxg4 Bg7 30. Rh1 Ke7 31. Nb4 Rc5 32. Rh7 Bf6
33. Nd2 Nxd2 34. Kxd2 Rc4 35. f3 a5 36. Nd3 Rc8 37. Nf2 Rd8+ 38. Kc2 Be5 39.
Nd3 Bf6 40. Rh5 Rd5 41. a3 a4 42. Kd2 Bg7 43. Ke2 Kf6 44. Ke3 Kg6 45. Rh1 f5
46. Rc1 fxg4 47. fxg4 Rd6 48. Re1 Rc6 49. Kf3 Kf6 50. Re4 Rd6 51. Ke3 Rd5 52.
c4 bxc4 53. Rxc4 Ra5 54. Nc5 Ke5 55. Nxa4 Kd5 56. Nb6+ Kd6 57. Re4 Rb5 58. Nc4+
Kd5 59. b4 Rb8 60. Kd3 Bf6 61. Ne3+ Kd6 62. a4 Rc8 63. Nc4+ Ke7 64. a5 Rd8+ 65.
Kc2 Rd4 66. Rxd4 Bxd4 67. Kd3 Ba7 68. Ke4 Kd7 69. b5 Bb8 70. a6 1-0

[Event "Doeberl Cup"]
[Site "Canberra AUS"]
[Date "2010.04.02"]
[Round "4"]
[White "Goldenberg, I."]
[Black "Hu, J."]
[Result "1-0"]
[WhiteElo "2404"]
[BlackElo "2163"]
[PlyCount "78"]
[EventDate "2010.04.01"]
[EventType "swiss"]
[EventRounds "9"]
[EventCountry "AUS"]
[Source "Mark Crowther"]
[SourceDate "2010.04.05"]

1. c4 c6 2. d4 d5 3. Nc3 Nf6 4. Nf3 e6 5. e3 Bd6 6. Qc2 Nbd7 7. Be2 O-O 8. O-O
b6 9. e4 dxe4 10. Nxe4 Qc7 11. Nxd6 Qxd6 12. b3 c5 13. dxc5 Qxc5 14. Bb2 Bb7
15. Qd2 Rad8 16. Rad1 Rfe8 17. Bxf6 gxf6 18. Qf4 Kg7 19. Qg4+ Kh8 20. Qh4 Rg8
21. Rd3 Qf5 22. Rfd1 Rg4 23. Qh6 Rdg8 24. g3 Nc5 25. Nd4 Qg5 26. Qxg5 R4xg5 27.
R3d2 Ne4 28. Rc2 Nc5 29. Nb5 Ba8 30. Nxa7 f5 31. Rcd2 f4 32. Rd8 f3 33. Bf1 Ne4
34. h4 R5g7 35. Nc8 Nc3 36. R1d2 Ne4 37. R2d3 Nc5 38. Rd1 Bc6 39. Ne7 Be8 1-0

[Event "Doeberl Cup"]
[Site "Canberra AUS"]
[Date "2010.04.02"]
[Round "4"]
[White "Toth, And1"]
[Black "Stojic, D."]
[Result "1/2-1/2"]
[WhiteElo "2385"]
[BlackElo "2176"]
[PlyCount "63"]
[EventDate "2010.04.01"]
[EventType "swiss"]
[EventRounds "9"]
[EventCountry "AUS"]
[Source "Mark Crowther"]
[SourceDate "2010.04.05"]

1. d4 Nf6 2. Nf3 g6 3. c4 Bg7 4. Nc3 O-O 5. e4 d6 6. Be2 c5 7. O-O Bg4 8. d5 e6
9. Be3 exd5 10. exd5 Re8 11. h3 Bxf3 12. Bxf3 Nbd7 13. Qd2 a6 14. a3 Rb8 15. g4
b5 16. cxb5 axb5 17. b4 Nb6 18. Bg5 Nc4 19. Qf4 h6 20. Bxh6 Bxh6 21. Qxh6 Nxa3
22. bxc5 Nc2 23. Ra6 dxc5 24. g5 Rb6 25. Rxb6 Qxb6 26. d6 Nd7 27. Be4 Nd4 28.
Bxg6 fxg6 29. Qxg6+ Kf8 30. Qh6+ Kg8 31. Qg6+ Kf8 32. Qh6+ 1/2-1/2

[Event "Doeberl Cup"]
[Site "Canberra AUS"]
[Date "2010.04.02"]
[Round "4"]
[White "Dragicevic, Do"]
[Black "Lane, G."]
[Result "0-1"]
[WhiteElo "2251"]
[BlackElo "2379"]
[PlyCount "90"]
[EventDate "2010.04.01"]
[EventType "swiss"]
[EventRounds "9"]
[EventCountry "AUS"]
[Source "Mark Crowther"]
[SourceDate "2010.04.05"]

1. e4 e5 2. f4 exf4 3. Bc4 Nf6 4. Nc3 Bb4 5. e5 d5 6. Bb5+ c6 7. exf6 cxb5 8.
Qe2+ Be6 9. fxg7 Rg8 10. Nf3 Nc6 11. d4 Qf6 12. O-O O-O-O 13. Qf2 Rxg7 14. Ne2
Bd6 15. Ne5 Nxd4 16. Qxd4 Qxe5 17. Qxe5 Bxe5 18. Nxf4 a6 19. Nd3 Bd4+ 20. Kh1
Rdg8 21. g3 h5 22. Bf4 Bf5 23. h4 f6 24. Rad1 Bb6 25. Kh2 Be4 26. Nb4 Rd8 27.
Nd3 Re7 28. Rd2 Bd4 29. Rfd1 Bf3 30. Rf1 Re2+ 31. Rxe2 Bxe2 32. Re1 Bxd3 33.
cxd3 Kd7 34. b3 Rc8 35. Re2 Rc3 36. Rg2 f5 37. Rd2 b4 38. Bg5 b5 39. Re2 Rxd3
40. Re7+ Kd6 41. Rh7 Be5 42. Rxh5 Rxg3 43. Kh1 f4 44. Rh7 f3 45. Rf7 Rh3+ 0-1

[Event "Doeberl Cup"]
[Site "Canberra AUS"]
[Date "2010.04.02"]
[Round "4"]
[White "Wright, N."]
[Black "Sharma, Di"]
[Result "0-1"]
[WhiteElo "2185"]
[BlackElo "2376"]
[PlyCount "78"]
[EventDate "2010.04.01"]
[EventType "swiss"]
[EventRounds "9"]
[EventCountry "AUS"]
[Source "Mark Crowther"]
[SourceDate "2010.04.05"]

1. Nf3 d6 2. d4 f5 3. c4 Nf6 4. Nc3 g6 5. e3 Bg7 6. Be2 O-O 7. O-O a5 8. a3 Nc6
9. d5 Ne5 10. Nd4 c5 11. dxc6 Nxc6 12. Ndb5 Be6 13. Qb3 Nd7 14. Qc2 Nb6 15. Na4
Ne5 16. Nd4 Bf7 17. Nxb6 Qxb6 18. b3 Rfc8 19. Qd2 a4 20. f4 Nc6 21. Bb2 Na5 22.
bxa4 e5 23. Nb5 Nb3 24. Qc3 Nxa1 25. Bxa1 Rxa4 26. Rd1 Rc6 27. Rxd6 Rxd6 28. c5
Rc6 29. cxb6 Rxc3 30. Bxc3 exf4 31. Bd2 fxe3 32. Bxe3 Re4 33. Kf2 f4 34. Bc5
Rxe2+ 35. Kxe2 Bc4+ 36. Kf3 Bxb5 37. Kxf4 Kf7 38. h4 h6 39. g4 Ke6 0-1

[Event "Doeberl Cup"]
[Site "Canberra AUS"]
[Date "2010.04.02"]
[Round "4"]
[White "Rej, T."]
[Black "Oliver, G."]
[Result "1-0"]
[WhiteElo "2347"]
[BlackElo "2167"]
[PlyCount "77"]
[EventDate "2010.04.01"]
[EventType "swiss"]
[EventRounds "9"]
[EventCountry "AUS"]
[Source "Mark Crowther"]
[SourceDate "2010.04.05"]

1. d4 Nf6 2. c4 g6 3. Nc3 Bg7 4. e4 d6 5. Nf3 O-O 6. Be2 e5 7. O-O Nc6 8. d5
Ne7 9. Ne1 Nd7 10. Be3 f5 11. f3 f4 12. Bf2 g5 13. Rc1 Ng6 14. c5 Nf6 15. cxd6
cxd6 16. Nb5 g4 17. Nc7 g3 18. hxg3 Nh5 19. gxf4 exf4 20. Nxa8 Ng3 21. Bxa7 Qh4
22. Nd3 b6 23. Bxb6 Ba6 24. Nc7 Rb8 25. Nxa6 Rxb6 26. Rc8+ Nf8 27. Rc4 Rxa6 28.
a4 Qh1+ 29. Kf2 Qh4 30. Ke1 Nxe4+ 31. Nf2 Nxf2 32. Rxf2 Bxb2 33. Qc2 Rb6 34.
Qf5 Qe7 35. Rc8 Bd4 36. Qe6+ Qxe6 37. dxe6 Bxf2+ 38. Kxf2 Rb7 39. Re8 1-0

[Event "Doeberl Cup"]
[Site "Canberra AUS"]
[Date "2010.04.02"]
[Round "4"]
[White "Sandler, L."]
[Black "Wei, M."]
[Result "1/2-1/2"]
[WhiteElo "2332"]
[BlackElo "2113"]
[PlyCount "58"]
[EventDate "2010.04.01"]
[EventType "swiss"]
[EventRounds "9"]
[EventCountry "AUS"]
[Source "Mark Crowther"]
[SourceDate "2010.04.05"]

1. d4 Nf6 2. c4 c6 3. Nf3 d5 4. Qc2 e6 5. g3 Nbd7 6. Nbd2 Be7 7. Bg2 O-O 8. O-O
b6 9. e4 dxe4 10. Nxe4 Bb7 11. Rd1 Nxe4 12. Qxe4 Qc8 13. Ng5 Nf6 14. Qe2 Rd8
15. Bf4 h6 16. Nf3 Bf8 17. Ne5 c5 18. dxc5 Bxg2 19. Rxd8 Qxd8 20. Kxg2 Bxc5 21.
Rd1 Qe8 22. Qf3 Rd8 23. Rxd8 Qxd8 24. Qb7 Qd4 25. Qxf7+ Kh8 26. Bxh6 Qxf2+ 27.
Kh3 Qf5+ 28. Kg2 Qf2+ 29. Kh3 Qf5+ 1/2-1/2

[Event "Doeberl Cup"]
[Site "Canberra AUS"]
[Date "2010.04.02"]
[Round "4"]
[White "Encel, B."]
[Black "Ly, Mo"]
[Result "0-1"]
[WhiteElo "1879"]
[BlackElo "2340"]
[PlyCount "100"]
[EventDate "2010.04.01"]
[EventType "swiss"]
[EventRounds "9"]
[EventCountry "AUS"]
[Source "Mark Crowther"]
[SourceDate "2010.04.05"]

1. e4 c5 2. Nc3 Nc6 3. f4 e6 4. Nf3 Nge7 5. Bb5 a6 6. Bxc6 Nxc6 7. O-O Be7 8.
d3 O-O 9. Qe1 d5 10. Qf2 b5 11. e5 b4 12. Ne2 a5 13. Be3 d4 14. Bd2 f5 15. exf6
Rxf6 16. Ng3 Qd5 17. Ne4 Rf5 18. b3 Bb7 19. g4 Rf7 20. Qg3 Raf8 21. h4 Bd6 22.
Nfg5 Re7 23. h5 Nd8 24. Rf2 Nf7 25. Nxf7 Rexf7 26. Raf1 Be7 27. Rh2 a4 28. Rhf2
Qd7 29. Re1 Qd8 30. Rh2 Qd5 31. Rf2 Ra8 32. Kh2 Qd8 33. g5 Rf5 34. Qg4 Bd6 35.
Rg2 Qc7 36. Kg1 Raf8 37. Ng3 Rxf4 38. Bxf4 Bxf4 39. Qe2 Bxg5 40. Ne4 Bh6 41.
Ng5 Rf6 42. Rg4 Bxg5 43. Rxg5 Qf4 44. Rg4 Qf5 45. Rf1 Bf3 46. Qxf3 Qxf3 47.
Rxf3 Rxf3 48. bxa4 Rf8 49. Rg5 Rc8 50. a5 Kf7 0-1

[Event "Doeberl Cup"]
[Site "Canberra AUS"]
[Date "2010.04.02"]
[Round "4"]
[White "Jones, G."]
[Black "Garner, D."]
[Result "1-0"]
[WhiteElo "2554"]
[BlackElo "2178"]
[PlyCount "37"]
[EventDate "2010.04.01"]
[EventType "swiss"]
[EventRounds "9"]
[EventCountry "AUS"]
[Source "Mark Crowther"]
[SourceDate "2010.04.05"]

1. e4 c5 2. Nc3 d6 3. f4 g6 4. Nf3 Bg7 5. Bb5+ Bd7 6. Bc4 Nc6 7. O-O e6 8. d3
Nge7 9. f5 gxf5 10. Ng5 Ne5 11. Qh5 Qc8 12. exf5 d5 13. f6 Bxf6 14. Rxf6 dxc4
15. Nxf7 Nxf7 16. Rxf7 Ng6 17. Rxh7 Rxh7 18. Qxg6+ Rf7 19. Ne4 1-0

[Event "Doeberl Cup"]
[Site "Canberra AUS"]
[Date "2010.04.02"]
[Round "4"]
[White "Macak, S."]
[Black "Yuan, Y2."]
[Result "1-0"]
[WhiteElo "2472"]
[BlackElo "2090"]
[PlyCount "71"]
[EventDate "2010.04.01"]
[EventType "swiss"]
[EventRounds "9"]
[EventCountry "AUS"]
[Source "Mark Crowther"]
[SourceDate "2010.04.05"]

1. e4 e5 2. Nf3 Nc6 3. d4 exd4 4. Nxd4 Bb4+ 5. c3 Bc5 6. Nxc6 bxc6 7. Bc4 d6 8.
O-O Ne7 9. a4 a5 10. Bg5 O-O 11. Nd2 h6 12. Bh4 Qe8 13. Kh1 Ng6 14. Bg3 Rb8 15.
Qc2 Ne5 16. Bxe5 Qxe5 17. f4 Qf6 18. e5 Qh4 19. Rae1 d5 20. Ba2 Bg4 21. Nb3 Bb6
22. f5 Bh5 23. Nc1 g6 24. c4 Bd4 25. Nd3 Bg4 26. fxg6 fxg6 27. cxd5 Bf5 28. d6+
Kh7 29. Qd2 cxd6 30. Rf4 Qg5 31. h4 Qg3 32. Rxd4 Bxd3 33. Rxd3 Rxb2 34. Rxg3
Rxd2 35. Bb1 dxe5 36. Rxg6 1-0

[Event "Doeberl Cup"]
[Site "Canberra AUS"]
[Date "2010.04.02"]
[Round "4"]
[White "Lahiri, A."]
[Black "Brown, An"]
[Result "1-0"]
[WhiteElo "2361"]
[BlackElo "2088"]
[PlyCount "75"]
[EventDate "2010.04.01"]
[EventType "swiss"]
[EventRounds "9"]
[EventCountry "AUS"]
[Source "Mark Crowther"]
[SourceDate "2010.04.05"]

1. d4 Nf6 2. c4 g6 3. Nc3 Bg7 4. e4 d6 5. f4 O-O 6. Nf3 c5 7. d5 e6 8. Be2 exd5
9. exd5 Re8 10. O-O Ng4 11. h3 Ne3 12. Bxe3 Rxe3 13. Qd2 Qe7 14. Kf2 Rxf3+ 15.
Bxf3 Qh4+ 16. Kg1 Bd4+ 17. Kh1 Bd7 18. Qe1 Qf6 19. Ne4 Qe7 20. Qg3 b5 21. Rae1
Qf8 22. Qh4 f6 23. Bg4 f5 24. Ng5 h6 25. Ne6 Bxe6 26. Rxe6 fxg4 27. Rfe1 Kh7
28. Qxg4 Bf6 29. f5 gxf5 30. Qxf5+ Kg7 31. Re8 Qf7 32. R1e6 a5 33. Qg4+ Kh7 34.
Qe4+ Kg7 35. R8e7 Bxe7 36. Rxe7 Ra7 37. Rxf7+ Rxf7 38. Qg4+ 1-0